LIBRARY ONLINE CATALOGUE

Woman and man in Paul : (Record no. 8797)

MARC details
000 -LEADER
fixed length control field 00936nam a22002532 4500
001 - CONTROL NUMBER
control field 0000019066
005 - DATE AND TIME OF LATEST TRANSACTION
control field 20151217152144.0
008 - FIXED-LENGTH DATA ELEMENTS--GENERAL INFORMATION
fixed length control field 100907s xx 000 0 eng d
020 ## - INTERNATIONAL STANDARD BOOK NUMBER
International Standard Book Number 0814650554 :
040 ## - CATALOGING SOURCE
Original cataloging agency KABU
Transcribing agency KABU
100 1# - MAIN ENTRY--PERSONAL NAME
Personal name Baumert, Norbert.
-- 0000178659
245 10 - TITLE STATEMENT
Title Woman and man in Paul :
Remainder of title overcoming a misunderstanding /
Statement of responsibility, etc. Norbert Baumert.
250 ## - EDITION STATEMENT
Edition statement 1st ed.
260 ## - PUBLICATION, DISTRIBUTION, ETC. (IMPRINT)
Place of publication, distribution, etc. Collegeville, Minnesota :
Name of publisher, distributor, etc. Liturgical Press,
Date of publication, distribution, etc. 1996.
300 ## - PHYSICAL DESCRIPTION
Extent x, 498 p.
630 00 - SUBJECT ADDED ENTRY--UNIFORM TITLE
Uniform title Bible.
Name of part/section of a work N. T.
-- Epistles of Paul.
General subdivision Criticism, interpretation, etc.
-- 0000178660
650 #0 - SUBJECT ADDED ENTRY--TOPICAL TERM
Topical term or geographic name as entry element Sex
General subdivision Biblical teaching.
-- 0000178661
650 #0 - SUBJECT ADDED ENTRY--TOPICAL TERM
Topical term or geographic name as entry element Marriage
General subdivision Biblical teaching.
-- 0000149439
650 #0 - SUBJECT ADDED ENTRY--TOPICAL TERM
Topical term or geographic name as entry element Men (Christian theology)
General subdivision Biblical teaching.
-- 0000159073
650 #0 - SUBJECT ADDED ENTRY--TOPICAL TERM
Topical term or geographic name as entry element Woman (Christian theology)
General subdivision Biblical teaching.
-- 0000159074
852 1# - LOCATION
-- p500 KES
908 ## - PUT COMMAND PARAMETER (RLIN)
Put command parameter 100907
950 ## - LOCAL HOLDINGS (RLIN)
-- 1
Holdings
Withdrawn status Lost status Source of classification or shelving scheme Not for loan Home library Current library Date acquired Total Checkouts Full call number Barcode Date last seen Price effective from Koha item type
    Library of Congress Classification   Kabarak, Main Campus Kabarak, Main Campus 17/12/2015   BS2655 .S49B38 1996 c. 1 23990 02/08/2024 17/12/2015 General Collection